Consumer Behavior (Record no. 4452)
[ view plain ]
| 000 -LEADER | |
|---|---|
| fixed length control field | 00326nam a2200145Ia 4500 |
| 008 - FIXED-LENGTH DATA ELEMENTS--GENERAL INFORMATION | |
| fixed length control field | 191201s2009 xx 000 0 und d |
| 082 ## - DEWEY DECIMAL CLASSIFICATION NUMBER | |
| Classification number | 658.87 |
| Item number | SOC |
| 100 ## - MAIN ENTRY--PERSONAL NAME | |
| Personal name | SOLOMON, Michael R |
| 245 #0 - TITLE STATEMENT | |
| Title | Consumer Behavior |
| 250 ## - EDITION STATEMENT | |
| Edition statement | 8th |
| 260 ## - PUBLICATION, DISTRIBUTION, ETC. (IMPRINT) | |
| Place of publication, distribution, etc | N. delhi |
| Name of publisher, distributor, etc | PHI |
| Date of publication, distribution, etc | 2009 |
| 300 ## - PHYSICAL DESCRIPTION | |
| Extent | 694 |
| 650 ## - SUBJECT ADDED ENTRY--TOPICAL TERM | |
| Topical term or geographic name as entry element | BBA |
| 942 ## - ADDED ENTRY ELEMENTS (KOHA) | |
| Source of classification or shelving scheme | Dewey Decimal Classification |
| Koha item type | Text Books |
| 942 ## - ADDED ENTRY ELEMENTS (KOHA) | |
| -- | 1 |
| Withdrawn status | Lost status | Source of classification or shelving scheme | Damaged status | Not for loan | Collection code | Home library | Current library | Date acquired | Source of acquisition | Cost, normal purchase price | Bill Number | Total Checkouts | Full call number | Acc. no. / Barcode | Date last seen | Bill Date | Koha item type | Checked out | Date last borrowed | Public note |
|---|---|---|---|---|---|---|---|---|---|---|---|---|---|---|---|---|---|---|---|---|
| Dewey Decimal Classification | BBA | PIET C-LIBRARY | PIET C-LIBRARY | 24/04/2010 | J B C, New Delhi | 495.00 | SI-4892 | 658.8342 SOC | 15031 | 04/12/2019 | 09/03/2010 | Text Books | ||||||||
| Dewey Decimal Classification | BBA | PIET C-LIBRARY | PIET C-LIBRARY | 24/04/2010 | J B C, New Delhi | 495.00 | SI-4892 | 1 | 658.8342 SOC | 15032 | 22/01/2022 | 09/03/2010 | Text Books | 21/07/2022 | 22/01/2022 | . | ||||
| Dewey Decimal Classification | BBA | PIET C-LIBRARY | PIET C-LIBRARY | 24/04/2010 | J B C, New Delhi | 495.00 | SI-4892 | 658.8342 SOC | 15033 | 04/12/2019 | 09/03/2010 | Text Books | ||||||||
| Dewey Decimal Classification | BBA | PIET C-LIBRARY | PIET C-LIBRARY | 24/04/2010 | J B C, New Delhi | 495.00 | SI-4892 | 658.8342 SOC | 15034 | 04/12/2019 | 09/03/2010 | Text Books | ||||||||
| Dewey Decimal Classification | BBA | PIET C-LIBRARY | PIET C-LIBRARY | 24/04/2010 | J B C, New Delhi | 495.00 | SI-4892 | 658.8342 SOC | 15035 | 04/12/2019 | 09/03/2010 | Text Books | ||||||||
| Dewey Decimal Classification | BBA | PIET C-LIBRARY | PIET C-LIBRARY | 24/04/2010 | J B C, New Delhi | 495.00 | SI-4892 | 658.8342 SOC | 15036 | 04/12/2019 | 09/03/2010 | Text Books |